| 000 | 00842nam0a22002531 4500 | ||
|---|---|---|---|
| 001 | rc\2768459 | ||
| 005 | 20250806203226.0 | ||
| 035 | _a(NLR Aleph) 006894871 | ||
| 090 |
_a15705 _c15705 |
||
| 100 | _a20110915d1941 u y0rusy50 ca | ||
| 101 | 0 | _arus | |
| 102 | _aRU | ||
| 105 | _aa z ||||| | ||
| 200 | 1 |
_aИндукционная телеметрическая система _eИнструкция № 9085380 _fИнж. М. А. Архипов |
|
| 210 |
_aМосква _cОборонгиз _d1941 |
||
| 215 |
_a24 с. _cчерт. _d19 см. |
||
| 700 | 1 |
_aАрхипов _bМ.А. _gМихаил Александрович |
|
| 801 | 0 |
_aRU _bNLR _gpsbo |
|
| 801 | 1 |
_aRU _bELAR _2rusmarc |
|
| 852 |
_aNLR _jТ20 Г-4/93 |
||
| 942 | _cBOOK | ||
| 945 | _aРоссийская национальная библиотека | ||
| 980 | _aNB | ||
| 980 | _aBV | ||